| 000 | 00355 a2200145 4500 | ||
|---|---|---|---|
| 001 | 170855 | ||
| 020 | _a | ||
| 040 | _cMagnum | ||
| 100 | _aGinott, Haim | ||
| 240 | 1 | 0 |
_aPais e filhos: novas solucoes para velhos problemas _lpor |
| 245 | 1 | 0 | _aPais e filhos: novas solucoes para velhos problemas |
| 362 | 0 | _a1899 | |
| 697 | _aSEM ASSUNTO | ||
| 942 | _cBK | ||
| 999 |
_c170855 _d170855 |
||